| 000 | 01391nam0a2200313 4500 | ||
|---|---|---|---|
| 001 | RU\NLR\BIBL_A\011778012 | ||
| 005 | 20180910144359.0 | ||
| 010 |
_a978-5-7422-6216-9 _928 |
||
| 021 |
_aRU _bКН-П-18-053844 _9КН-П-18-3879 |
||
| 035 | _a(NLR Aleph) 011778012 | ||
| 035 | _a(RuMoRGB)009696125 | ||
| 090 |
_a11761179 _c11761179 |
||
| 100 | _a20180827d2018 u y0rusy50 ca | ||
| 101 | 0 | _arus | |
| 102 | _aRU | ||
| 105 | _aa z 000gy | ||
| 200 | 1 |
_aСтихотворения - 2018 _fАлександр Семёнов |
|
| 210 |
_aСанкт-Петербург _cИзд-во Политехнического университета _d2018 |
||
| 215 |
_a67 с. _cил. _d20 |
||
| 320 | _aБиблиогр.: с. 66 (11 назв.) и в подстроч. примеч. | ||
| 327 | 1 | _aСодерж.: циклы: Философу. К поэзии Русского космизма; Возвращение к синусоидальному мышлению; Поэту; Психиатру; Разное | |
| 686 | 2 | _aШ6(2=Р)8-5 | |
| 700 | 1 |
_7ca _8rus _aСеменов _bА. Г. _cканд. техн. наук, поэт, юрист, психолог _f1952- _gАлександр Георгиевич _997668 _3RU\NLR\AUTH\77114743 |
|
| 942 | _cBOOK | ||
| 980 | _aNBR | ||
| 980 | _aNB | ||